000 00249nam a22001217a 4500
003 SGT
082 _a370.NAMITA
100 _aNAMITA
245 _aDISABILITY SEDGS AND GENDER
260 _aNEW DELHI
_bRENOVA
_c2024
300 _a259
942 _2ddc
_cBK
999 _c27206
_d27206